How to operate QC circle activities
| Corporate Author: | |
|---|---|
| Format: | Book |
| Published: |
Tokyo, Japan :
QC Circle Headquarters ,
1985
|
| Subjects: |
MARC
| LEADER | 00000cam a2200000 7i4500 | ||
|---|---|---|---|
| 001 | 0000000176 | ||
| 005 | 20000712.0 | ||
| 090 | 0 | 0 | |a 658.562 |b HOW 1985 |
| 245 | 0 | 0 | |a How to operate QC circle activities |
| 260 | 0 | 0 | |a Tokyo, Japan : |b QC Circle Headquarters , |c 1985 |
| 300 | |a vi, 254 p. ; |c 19 cm. | ||
| 650 | 0 | 0 | |a Management |
| 650 | 0 | 0 | |a Quality circle |
| 650 | 0 | 0 | |a Quality control |
| 710 | 1 | 1 | |a Union of Japanese Scientists and Engineers |
| 999 | |a 0000001049 |b Monograph |c Open Shelf |e Default branch | ||